| 000 | 01040nam a22002417a 4500 | ||
|---|---|---|---|
| 003 | NALT | ||
| 005 | 20251125233049.0 | ||
| 008 | s2552 th tha d | ||
| 020 | _a9789740204442 | ||
| 040 | _aNALT | ||
| 041 | _atha | ||
| 050 |
_aDS 578.32 _bพ852ร 2552 |
||
| 100 | 0 |
_aพูนภิรมย์ ลิปตพัลลภ _952871 |
|
| 245 | 1 | 0 |
_aรมต. หญิงคนแรก ของพลังงานไทย (ฮา) / _cพูนภิรมย์ ลิปตพัลลภ |
| 260 |
_aกรุงเทพฯ : _bมติชน, _c2552 |
||
| 300 |
_a127 หน้า : _bภาพประกอบ ; _c18 ซม. |
||
| 600 | 0 | 4 |
_952871 _aพูนภิรมย์ ลิปตพัลลภ |
| 650 | 4 |
_aรัฐมนตรี _952872 _zไทย |
|
| 850 | _aNALT | ||
| 856 | 4 | 0 |
_uhttps://hdl.handle.net/20.500.14156/500323 _71 |
| 942 |
_cGB _2lcc |
||
| 998 |
_bปรียานุช คลอวุฒิวัฒน์ _j109 _k อารีรัตน์ วิชาช่าง |
||
| 999 |
_c59666 _d59666 |
||